000 00509cam a2200181 a 4500
003 OSt
005 20250730161648.0
008 110926s2011 enk 000 1 eng
020 _a9780552777339
040 _aKABLIB
_cKABLIB
_beng
_erda
082 0 4 _a823.92
_223
_bDOU
100 1 _aDouglas, Louise
_c(Novelist)
_914571
245 1 4 _aThe secrets between us /
_cLouise Douglas.
260 _aLondon :
_bBantam Press,
_cc2011.
300 _a537 p. ;
_c20 cm.
650 _aEnglish fiction
_914572
942 _2ddc
_cBOOK
999 _c5752
_d5752